000 01903nam a2200409 c 4500
003 BLK
005 20210531114535.0
008 180411b bul|||||r ||||||| ||bul||
010 _aKNG00188221000
020 _a978-954-337-209-6
_bиздат.: Авангард принт
040 _aBLK
041 _aBUL
_cBUL
072 7 _2bullib
_aН37
_xОбразование. Педагогика Н
080 _aРазвиване на мисълта. Подвижни упражнения - Упражняване на вниманието и способността за различаване, наблюдаване на природата, гимнастика, ритмични упражнения, ръчна работа и др.
_b372.36
_x(076)(075.8)
_z372.36(076)(075.8)
100 1 _aГеоргиева, Соня Георгиева
_eпърви автор
_9374129
139 _aГеоргиева, Соня Георгиева
_bГ 37
245 1 0 _aИграта за педагогически цели
_bПрактикум за педагози
_cСоня Георгиева Георгиева.
257 _aBGR
260 Русе
_bАвангард принт
_c2014
300 _a102 с.
_bс ил.
_c20 см
_eCD
380 _a3
500 _aБиблиогр. с. 92-95. - CD със сигн. Цб CD 4161
650 4 _aДидактически игри
_9280381
653 _aпедагогика
653 _aсюжетни игри
653 _aподвижни игри
653 _aконструктивни игри
653 _aдидактически игри
653 _aпредучилищно възпитание
653 _aпрактикум
659 _aН
852 _aЦб 280832
856 4 _qpdf
_u
856 4 _qpdf
_u
942 _cKNG
_n0
_03
944 _aCR
_c03.06.2016
_kВиолета_Тройчева
944 _aED
_c28.06.2016
_kГеновева_Генчева
999 _c179442
_d179442